TEXT BOOK OF DENTAL & ORAL ANATOMY (Record no. 3783)

MARC details
000 -LEADER
fixed length control field 00375nam a2200145Ia 4500
008 - FIXED-LENGTH DATA ELEMENTS--GENERAL INFORMATION
fixed length control field 150201s2007 xx 000 0 und d
082 ## - DEWEY DECIMAL CLASSIFICATION NUMBER
Classification number 611.313
Item number D2007S
100 ## - MAIN ENTRY--PERSONAL NAME
Personal name SATISH CHANDERA
245 ## - TITLE STATEMENT
Title TEXT BOOK OF DENTAL & ORAL ANATOMY
250 ## - EDITION STATEMENT
Edition statement 1ST
260 ## - PUBLICATION, DISTRIBUTION, ETC. (IMPRINT)
Name of publisher, distributor, etc. JAYPEE MEDICAL PUBLISHER
Place of publication, distribution, etc. DELHI
Date of publication, distribution, etc. 2007
300 ## - PHYSICAL DESCRIPTION
Extent 1-196
650 ## - SUBJECT ADDED ENTRY--TOPICAL TERM
Topical term or geographic name as entry element ORAL PATHOLOGY
942 ## - ADDED ENTRY ELEMENTS (KOHA)
Source of classification or shelving scheme Dewey Decimal Classification
Koha item type Books
Koha issues (borrowed), all copies 1
Holdings
Withdrawn status Lost status Source of classification or shelving scheme Damaged status Not for loan Home library Current library Date acquired Source of acquisition Cost, normal purchase price Serial Enumeration / chronology SGTU Bill Number Total Checkouts Full call number Barcode Date last seen Bill Date Koha item type Date last checked out
    Dewey Decimal Classification     SGT Dental Library SGT Dental Library 22/12/2007 U.B.S.DELHI 275.00 1 SGTU 821   611.313 D2007S FD4673 09/02/2015 04/10/2012 Books  
    Dewey Decimal Classification     SGT Dental Library SGT Dental Library 22/12/2007 U.B.S.DELHI 275.00 1 SGTU 821   611.313 D2007S FD4674 09/02/2015 04/10/2012 Books  
    Dewey Decimal Classification     SGT Dental Library SGT Dental Library 22/12/2007 U.B.S.DELHI 275.00 1 SGTU 821   611.313 D2007S FD4675 09/02/2015 04/10/2012 Books  
    Dewey Decimal Classification     SGT Dental Library SGT Dental Library 18/02/2008 U.B.S.DELHI 275.00 1 SGTU 1023 1 611.313 D2007S FD4980 06/12/2024 11/01/2013 Books 06/12/2024